01136nam a2200169 a 4500020001500000082001200015100002000027245006500047250001200112260004800124300001100172500002700183520065600210650001400866700001600880856007000896 a0471627798 a540 BRA1 aBrady, James E.10aFundamentals of chemistry 3/E:teacher's manual to accompany a3rd ed. aNew YorkbJohn Wiley and Sons (WIE),c1988. a123 p. aInternational Edition. aIn this new edition of the fundamentals textbook for science students maintains the conversational writing style that made the previous editions so popular, while including up-to-date treatments of important and current topics. Emphasis is put on descriptive chemistry - chemical reactions and properties - while maintaining a solid treatment of chemical principles. Common chemicals are used, whenever possible, both theoretical discussions and in problems and exercises. Each chapter begins with a brief table of contents, and each section begins with a preview of topics covered. Chapters include frequent margin comments, figures, and photographs. achemistry1 aHolum, J.R.40uhttp://www.amazon.com/exec/obidos/ASIN/0471633593/chopaconline-20